Financial Institutions, Markets, and Money (Record no. 22110)
[ view plain ]
| 000 -LEADER | |
|---|---|
| fixed length control field | 00484nam a22001817a 4500 |
| 020 ## - INTERNATIONAL STANDARD BOOK NUMBER | |
| ISBN | 978-1-119-58998-3 |
| 082 ## - DEWEY DECIMAL CLASSIFICATION NUMBER | |
| Classification number | 332.10973 |
| 100 ## - MAIN ENTRY--AUTHOR NAME | |
| Personal name | Kidwell, David S. ...[et al.] |
| 245 ## - TITLE STATEMENT | |
| Title | Financial Institutions, Markets, and Money |
| 250 ## - EDITION STATEMENT | |
| Edition statement | 12th |
| 260 ## - PUBLICATION, DISTRIBUTION, ETC. (IMPRINT) | |
| Place of publication | Hoboken: |
| Name of publisher | Wiley, |
| Year of publication | 2017 |
| 300 ## - PHYSICAL DESCRIPTION | |
| Number of Pages | xxv, 652p.: ill.; 26cm |
| 500 ## - GENERAL NOTE | |
| General note | TABLE OF CONTENTS: |
| 700 ## - ADDED ENTRY--PERSONAL NAME | |
| Personal name | Blackwell, David W. |
| 700 ## - ADDED ENTRY--PERSONAL NAME | |
| Personal name | Whidbee, David A. |
| 700 ## - ADDED ENTRY--PERSONAL NAME | |
| Personal name | Sias, Richard W. |
| 942 ## - ADDED ENTRY ELEMENTS (KOHA) | |
| Koha item type | Books |
| Withdrawn status | Lost status | Damaged status | Not for loan | Collection code | Permanent Location | Current Location | Shelving location | Date acquired | Source of acquisition | Full call number | Accession Number | Price effective from | Koha item type |
|---|---|---|---|---|---|---|---|---|---|---|---|---|---|
| Non-fiction | IFM Main Campus Library | IFM Main Campus Library | Work Room processing | 10/27/2025 | Purchase | 321.10973 FIN | 0000030399 | 10/27/2025 | Books | ||||
| Non-fiction | IFM Main Campus Library | IFM Main Campus Library | Work Room processing | 10/27/2025 | Purchase | 321.10973 FIN | 0000030397 | 10/27/2025 | Books | ||||
| Non-fiction | IFM Main Campus Library | IFM Main Campus Library | Work Room processing | 10/27/2025 | Purchase | 321.10973 FIN | 0000030398 | 10/27/2025 | Books |
